000 00620nam a2200253Ia 4500
005 20260121161216.0
008 008 260114s9999 xx 000 0 eng d
020 _a9781003303763
037 _aEBOOK
040 _aCRL
040 _beng
040 _cCRL
041 _2eng
041 _aeng
084 _qCRL
100 _aMichel Foucault
_91041558
245 4 _aThe Japan Lectures:A Transnational Critical Encounter
260 _bTaylor and Francis
260 _c2024
856 _uhttp://www.taylorfrancis.com/books/9781003303763
942 _cEBOOK
999 _c1608374
_d1608374